A moment of transition (Record no. 143651)
[ view plain ]
| 000 -LEADER | |
|---|---|
| fixed length control field | 01622nam a2200385 a 4500 |
| 082 04 - DEWEY DECIMAL CLASSIFICATION NUMBER | |
| Classification number | 612.8/2 |
| 100 1# - MAIN ENTRY--AUTHOR NAME | |
| Personal name | Freud, Sigmund, |
| 245 12 - TITLE STATEMENT | |
| Title | A moment of transition |
| 260 ## - PUBLICATION, DISTRIBUTION, ETC. (IMPRINT) | |
| Place of publication | London : |
| Name of publisher | Institute of Psycho-Analysis ; |
| Place of publication | London ; |
| -- | New York : |
| Name of publisher | Karnac Books ; |
| Place of publication | New York, N.Y. : |
| Name of publisher | Distributed in the United States of America by Brunner/Mazel, |
| Year of publication | 1990. |
| 300 ## - PHYSICAL DESCRIPTION | |
| Number of Pages | xviii, 164 p. |
| 505 0# - FORMATTED CONTENTS NOTE | |
| Formatted contents note | pt. 1. Introduction -- pt. 2. Translation -- pt. 3. Exposition. |
| 650 #0 - SUBJECT ADDED ENTRY--TOPICAL TERM | |
| Topical Term | Brain. |
| Topical Term | Aphasia. |
| 700 1# - ADDED ENTRY--PERSONAL NAME | |
| Personal name | Solms, Mark. |
| Personal name | Saling, Michael M. |
| 856 40 - ELECTRONIC LOCATION AND ACCESS | |
| Uniform Resource Identifier | http://site.ebrary.com/lib/rucke/Doc?id=10428123 |
No items available.
